[Event "Rapid Tournament (RAP)"]
[Site "Biel, CH"]
[Date "2025.07.13"]
[Round "5"]
[White "Avaria, Diego"]
[Black "Jordan, Christina"]
[Result "0-1"]
[Board "53"]
[WhiteFideId "1335723"]
[BlackFideId "1347977"]
[WhiteElo "1958"]
[BlackElo "1710"]
[WhiteTeam "SUI"]
[BlackTeam "SUI"]
[WhiteClock "0:00:51"]
[BlackClock "0:00:23"]
[Variant "Standard"]

1. e4 {[%clk 0:15:08]}  c5 {[%clk 0:15:08]} 2. c3 {[%clk 0:15:12]}  Nf6 {[%clk 0:15:11]} 3. e5 {[%clk 0:15:16]}  Nd5 {[%clk 0:15:15]} 4. Bc4 {[%clk 0:15:19]}  Nb6 {[%clk 0:15:14]} 5. Bb3 {[%clk 0:15:22]}  d5 {[%clk 0:14:52]} 6. d4 {[%clk 0:14:58]}  cxd4 {[%clk 0:14:34]} 7. cxd4 {[%clk 0:14:50]}  Nc6 {[%clk 0:14:33]} 8. Be3 {[%clk 0:14:22]}  Bf5 {[%clk 0:14:09]} 9. Nf3 {[%clk 0:13:04]}  e6 {[%clk 0:13:47]} 10. O-O {[%clk 0:12:47]}  Be7 {[%clk 0:13:20]} 11. Nc3 {[%clk 0:12:33]}  a6 {[%clk 0:13:00]} 12. Rc1 {[%clk 0:11:40]}  O-O {[%clk 0:13:00]} 13. Bc2 {[%clk 0:11:02]}  Bxc2 {[%clk 0:12:52]} 14. Qxc2 {[%clk 0:10:59]}  f6 {[%clk 0:11:18]} 15. exf6 {[%clk 0:09:29]}  Bxf6 {[%clk 0:11:19]} 16. Qe2 {[%clk 0:09:17]}  Qd6 {[%clk 0:10:24]} 17. Rfd1 {[%clk 0:08:49]}  Nc4 {[%clk 0:09:41]} 18. b3 {[%clk 0:08:42]}  Nxe3 {[%clk 0:08:22]} 19. fxe3 {[%clk 0:08:44]}  Bd8 {[%clk 0:07:09]} 20. Na4 {[%clk 0:08:16]}  b6 {[%clk 0:06:45]} 21. Rf1 {[%clk 0:07:41]}  b5 {[%clk 0:05:15]} 22. Nc5 {[%clk 0:07:30]}  Bb6 {[%clk 0:05:15]} 23. Nd3 {[%clk 0:06:39]}  Rac8 {[%clk 0:04:39]} 24. Nfe5 {[%clk 0:06:15]}  Nxe5 {[%clk 0:04:07]} 25. Rxc8 {[%clk 0:05:42]}  Rxc8 {[%clk 0:04:03]} 26. Nxe5 {[%clk 0:05:44]}  Rc7 {[%clk 0:03:48]} 27. Qh5 {[%clk 0:05:34]}  Qe7 {[%clk 0:03:44]} 28. Qg4 {[%clk 0:05:00]}  Qe8 {[%clk 0:03:28]} 29. h4 {[%clk 0:04:07]}  Re7 {[%clk 0:03:04]} 30. h5 {[%clk 0:03:51]}  Bc7 {[%clk 0:03:06]} 31. Nd3 {[%clk 0:03:43]}  Bd6 {[%clk 0:02:53]} 32. Qf3 {[%clk 0:03:28]}  Rf7 {[%clk 0:02:53]} 33. Qxf7+ {[%clk 0:03:08]}  Qxf7 {[%clk 0:02:57]} 34. Rxf7 {[%clk 0:03:10]}  Kxf7 {[%clk 0:03:02]} 35. g4 {[%clk 0:03:00]}  Kf6 {[%clk 0:02:23]} 36. Kf2 {[%clk 0:02:53]}  g6 {[%clk 0:02:09]} 37. hxg6 {[%clk 0:02:56]}  hxg6 {[%clk 0:02:13]} 38. Kf3 {[%clk 0:02:59]}  g5 {[%clk 0:02:05]} 39. a4 {[%clk 0:02:54]}  b4 {[%clk 0:01:33]} 40. e4 {[%clk 0:02:45]}  Kf7 {[%clk 0:01:10]} 41. exd5 {[%clk 0:02:10]}  exd5 {[%clk 0:01:14]} 42. Ke3 {[%clk 0:01:57]}  Ke6 {[%clk 0:01:09]} 43. Nc5+ {[%clk 0:01:33]}  Bxc5 {[%clk 0:01:12]} 44. dxc5 {[%clk 0:01:36]}  Ke5 {[%clk 0:00:45]} 45. c6 {[%clk 0:01:39]}  Kd6 {[%clk 0:00:49]} 46. Kd4 {[%clk 0:00:49]}  Kxc6 {[%clk 0:00:48]} 47. Ke5 {[%clk 0:00:49]}  Kc5 {[%clk 0:00:47]} 48. Kf5 {[%clk 0:00:56]}  d4 {[%clk 0:00:47]} 49. Kxg5 {[%clk 0:00:59]}  d3 {[%clk 0:00:52]} 50. Kf6 {[%clk 0:01:02]}  d2 {[%clk 0:00:56]} 51. g5 {[%clk 0:01:06]}  d1=Q {[%clk 0:00:58]} 52. g6 {[%clk 0:01:10]}  Qd8+ {[%clk 0:00:51]} 53. Kf7 {[%clk 0:01:11]}  Qd7+ {[%clk 0:00:53]} 54. Kf8 {[%clk 0:01:14]}  Qf5+ {[%clk 0:00:51]} 55. Kg7 {[%clk 0:01:16]}  Kd6 {[%clk 0:00:51]} 56. Kh6 {[%clk 0:01:17]}  Ke7 {[%clk 0:00:36]} 57. g7 {[%clk 0:01:20]}  Kf7 {[%clk 0:00:34]} 58. g8=Q+ {[%clk 0:01:09]}  Kxg8 {[%clk 0:00:38]} 59. a5 {[%clk 0:00:51]}  Qf6+ {[%clk 0:00:23]} 0-1

[Event "Rapid Tournament (RAP)"]
[Site "Biel, CH"]
[Date "2025.07.13"]
[Round "5"]
[White "Wuerth, Thomas"]
[Black "Gillieron, Kevin (13882)"]
[Result "1-0"]
[Board "54"]
[WhiteFideId "1305379"]
[BlackFideId "1357778"]
[WhiteElo "1954"]
[BlackElo "1729"]
[WhiteTeam "SUI"]
[BlackTeam "SUI"]
[WhiteClock "0:04:10"]
[BlackClock "0:00:35"]
[Variant "Standard"]

1. e4 {[%clk 0:15:07]}  c6 {[%clk 0:15:09]} 2. d4 {[%clk 0:15:11]}  d5 {[%clk 0:15:13]} 3. exd5 {[%clk 0:15:15]}  cxd5 {[%clk 0:15:16]} 4. Bd3 {[%clk 0:15:19]}  Nc6 {[%clk 0:15:20]} 5. c3 {[%clk 0:15:23]}  Nf6 {[%clk 0:15:14]} 6. Bf4 {[%clk 0:15:26]}  e6 {[%clk 0:14:26]} 7. Nf3 {[%clk 0:15:27]}  Be7 {[%clk 0:14:14]} 8. O-O {[%clk 0:15:30]}  O-O {[%clk 0:14:16]} 9. Re1 {[%clk 0:15:17]}  Nh5 {[%clk 0:14:06]} 10. Bg3 {[%clk 0:13:50]}  Nxg3 {[%clk 0:14:06]} 11. hxg3 {[%clk 0:13:54]}  Bd6 {[%clk 0:13:53]} 12. Bf1 {[%clk 0:13:17]}  Bd7 {[%clk 0:13:38]} 13. Nbd2 {[%clk 0:13:20]}  f6 {[%clk 0:13:07]} 14. Nb3 {[%clk 0:13:15]}  b6 {[%clk 0:13:06]} 15. Qd2 {[%clk 0:12:46]}  Kh8 {[%clk 0:13:01]} 16. Bd3 {[%clk 0:12:35]}  h6 {[%clk 0:11:46]} 17. Nh4 {[%clk 0:12:16]}  Kg8 {[%clk 0:11:06]} 18. Ng6 {[%clk 0:11:53]}  Re8 {[%clk 0:10:34]} 19. Re2 {[%clk 0:11:50]}  f5 {[%clk 0:10:37]} 20. Rae1 {[%clk 0:11:36]}  Qf6 {[%clk 0:10:36]} 21. Ne5 {[%clk 0:10:41]}  Bxe5 {[%clk 0:09:48]} 22. dxe5 {[%clk 0:10:41]}  Qf7 {[%clk 0:09:33]} 23. Nd4 {[%clk 0:10:31]}  Nxd4 {[%clk 0:08:34]} 24. cxd4 {[%clk 0:10:34]}  Rac8 {[%clk 0:08:37]} 25. Rc1 {[%clk 0:10:35]}  Rxc1+ {[%clk 0:08:20]} 26. Qxc1 {[%clk 0:10:39]}  Rc8 {[%clk 0:08:23]} 27. Rc2 {[%clk 0:10:43]}  Rxc2 {[%clk 0:07:34]} 28. Qxc2 {[%clk 0:10:47]}  Qe8 {[%clk 0:07:31]} 29. Qc7 {[%clk 0:10:37]}  Bb5 {[%clk 0:06:19]} 30. Bc2 {[%clk 0:10:39]}  Qd7 {[%clk 0:06:07]} 31. Qb8+ {[%clk 0:09:57]}  Kh7 {[%clk 0:06:07]} 32. Bd1 {[%clk 0:09:00]}  Qc6 {[%clk 0:05:14]} 33. Bh5 {[%clk 0:09:02]}  Qd7 {[%clk 0:03:17]} 34. Bf3 {[%clk 0:07:45]}  Bc4 {[%clk 0:02:57]} 35. b3 {[%clk 0:07:08]}  Bd3 {[%clk 0:02:58]} 36. a4 {[%clk 0:06:03]}  Bc2 {[%clk 0:02:45]} 37. Qd6 {[%clk 0:05:49]}  Qe8 {[%clk 0:02:19]} 38. Qb4 {[%clk 0:05:15]}  Qc6 {[%clk 0:01:23]} 39. Be2 {[%clk 0:05:09]}  a5 {[%clk 0:00:56]} 40. Qe7 {[%clk 0:04:19]}  Bxb3 {[%clk 0:00:15]} 41. Bb5 {[%clk 0:04:23]}  Qc1+ {[%clk 0:00:17]} 42. Kh2 {[%clk 0:04:27]}  Qg5 {[%clk 0:00:17]} 43. Be8 {[%clk 0:04:13]}  Bxa4 {[%clk 0:00:19]} 44. Bxa4 {[%clk 0:04:10]}  Qh5+ {[%clk 0:00:22]} 45. Kg1 {[%clk 0:04:13]}  Qe2 {[%clk 0:00:23]} 46. Qxe6 {[%clk 0:04:06]}  Qe1+ {[%clk 0:00:27]} 47. Kh2 {[%clk 0:04:09]}  Qb4 {[%clk 0:00:31]} 48. Be8 {[%clk 0:04:07]}  a4 {[%clk 0:00:35]} 49. Bg6+ {[%clk 0:04:10]} 1-0

[Event "Rapid Tournament (RAP)"]
[Site "Biel, CH"]
[Date "2025.07.13"]
[Round "5"]
[White "von Burg, Carl Alexander"]
[Black "Wilhelm, Serge"]
[Result "1-0"]
[Board "55"]
[WhiteFideId "1352458"]
[BlackFideId "1305808"]
[WhiteElo "1726"]
[BlackElo "1947"]
[WhiteTeam "SUI"]
[BlackTeam "SUI"]
[WhiteClock "0:00:35"]
[BlackClock "0:01:05"]
[Variant "Standard"]

1. d4 {[%clk 0:15:08]}  Nf6 {[%clk 0:15:09]} 2. c4 {[%clk 0:15:12]}  e6 {[%clk 0:15:13]} 3. g3 {[%clk 0:15:12]}  c5 {[%clk 0:15:15]} 4. d5 {[%clk 0:15:14]}  d6 {[%clk 0:15:03]} 5. Nc3 {[%clk 0:15:13]}  e5 {[%clk 0:15:03]} 6. Bg2 {[%clk 0:14:56]}  Be7 {[%clk 0:15:06]} 7. Qc2 {[%clk 0:14:17]}  a6 {[%clk 0:14:58]} 8. a4 {[%clk 0:14:20]}  Nbd7 {[%clk 0:14:49]} 9. Nf3 {[%clk 0:13:02]}  O-O {[%clk 0:14:19]} 10. O-O {[%clk 0:12:42]}  h6 {[%clk 0:13:59]} 11. h3 {[%clk 0:13:06]}  Nh7 {[%clk 0:13:59]} 12. e4 {[%clk 0:12:58]}  Nb6 {[%clk 0:12:59]} 13. b3 {[%clk 0:12:32]}  Bd7 {[%clk 0:12:38]} 14. Nd1 {[%clk 0:11:04]}  f5 {[%clk 0:12:16]} 15. exf5 {[%clk 0:11:17]}  Bxf5 {[%clk 0:12:18]} 16. Qe2 {[%clk 0:11:15]}  Bf6 {[%clk 0:11:04]} 17. Bb2 {[%clk 0:10:39]}  Qd7 {[%clk 0:10:45]} 18. g4 {[%clk 0:10:18]}  Bg6 {[%clk 0:10:41]} 19. Nc3 {[%clk 0:09:45]}  Rf7 {[%clk 0:09:49]} 20. Ne4 {[%clk 0:09:33]}  Be7 {[%clk 0:09:45]} 21. Nxc5 {[%clk 0:08:44]}  dxc5 {[%clk 0:09:09]} 22. Nxe5 {[%clk 0:08:47]}  Qd6 {[%clk 0:09:09]} 23. f4 {[%clk 0:07:17]}  Nf8 {[%clk 0:08:19]} 24. f5 {[%clk 0:06:49]}  Bh7 {[%clk 0:08:22]} 25. Nxf7 {[%clk 0:06:36]}  Kxf7 {[%clk 0:08:26]} 26. Rae1 {[%clk 0:06:09]}  Nbd7 {[%clk 0:07:52]} 27. Bc1 {[%clk 0:05:35]}  Bh4 {[%clk 0:07:43]} 28. Bf4 {[%clk 0:05:31]}  Qf6 {[%clk 0:07:30]} 29. d6 {[%clk 0:04:43]}  Kg8 {[%clk 0:07:02]} 30. Rd1 {[%clk 0:04:20]}  Rb8 {[%clk 0:06:57]} 31. Qe7 {[%clk 0:03:46]}  Kh8 {[%clk 0:06:12]} 32. Qxf6 {[%clk 0:03:10]}  Bxf6 {[%clk 0:06:14]} 33. Rfe1 {[%clk 0:03:04]}  Bg8 {[%clk 0:06:14]} 34. Re2 {[%clk 0:02:46]}  Bf7 {[%clk 0:06:04]} 35. Re7 {[%clk 0:02:32]}  Bg8 {[%clk 0:05:17]} 36. Rde1 {[%clk 0:02:36]}  b5 {[%clk 0:05:01]} 37. Bc6 {[%clk 0:02:02]}  bxc4 {[%clk 0:04:03]} 38. bxc4 {[%clk 0:01:55]}  Rd8 {[%clk 0:03:44]} 39. Re8 {[%clk 0:01:36]}  Bf7 {[%clk 0:02:51]} 40. Bxd7 {[%clk 0:01:31]}  Bxe8 {[%clk 0:02:46]} 41. Bxe8 {[%clk 0:01:32]}  Bd4+ {[%clk 0:02:37]} 42. Kg2 {[%clk 0:01:21]}  Kg8 {[%clk 0:02:41]} 43. Bc6 {[%clk 0:01:13]}  Nd7 {[%clk 0:02:39]} 44. Re7 {[%clk 0:00:43]}  Nf6 {[%clk 0:02:08]} 45. Ra7 {[%clk 0:00:08]}  Kf8 {[%clk 0:01:24]} 46. Ra8 {[%clk 0:00:12]}  Rxa8 {[%clk 0:01:23]} 47. Bxa8 {[%clk 0:00:17]}  Ke8 {[%clk 0:01:27]} 48. Bb7 {[%clk 0:00:21]}  a5 {[%clk 0:01:27]} 49. Bc6+ {[%clk 0:00:23]}  Kd8 {[%clk 0:01:30]} 50. Kf3 {[%clk 0:00:25]}  Ng8 {[%clk 0:01:12]} 51. Bd2 {[%clk 0:00:29]}  Be5 {[%clk 0:01:02]} 52. Bxa5+ {[%clk 0:00:32]}  Kc8 {[%clk 0:01:05]} 53. d7+ {[%clk 0:00:35]} 1-0

[Event "Rapid Tournament (RAP)"]
[Site "Biel, CH"]
[Date "2025.07.13"]
[Round "6"]
[White "Yilmaz, Mustafa"]
[Black "Kobalia, Mikhail"]
[Result "0-1"]
[Board "1"]
[WhiteFideId "6302718"]
[BlackFideId "4119150"]
[WhiteTitle "GM"]
[BlackTitle "GM"]
[WhiteElo "2547"]
[BlackElo "2509"]
[WhiteTeam "TUR"]
[BlackTeam "FID"]
[WhiteClock "0:00:10"]
[BlackClock "0:00:42"]
[Variant "Standard"]

1. d4 {[%clk 0:15:09]}  d5 {[%clk 0:15:09]} 2. c4 {[%clk 0:15:13]}  c6 {[%clk 0:15:14]} 3. Nf3 {[%clk 0:15:16]}  Nf6 {[%clk 0:15:18]} 4. Nc3 {[%clk 0:15:20]}  e6 {[%clk 0:15:20]} 5. e3 {[%clk 0:15:13]}  Nbd7 {[%clk 0:15:23]} 6. Be2 {[%clk 0:15:17]}  Bd6 {[%clk 0:15:18]} 7. O-O {[%clk 0:15:19]}  O-O {[%clk 0:15:22]} 8. b3 {[%clk 0:15:18]}  b6 {[%clk 0:14:56]} 9. Bb2 {[%clk 0:15:20]}  Bb7 {[%clk 0:15:00]} 10. Qc2 {[%clk 0:15:23]}  Qe7 {[%clk 0:14:26]} 11. Rad1 {[%clk 0:15:16]}  Bb4 {[%clk 0:13:06]} 12. Bd3 {[%clk 0:14:42]}  Rfe8 {[%clk 0:12:36]} 13. Rfe1 {[%clk 0:12:10]}  c5 {[%clk 0:11:08]} 14. cxd5 {[%clk 0:12:01]}  exd5 {[%clk 0:10:54]} 15. a3 {[%clk 0:10:43]}  Ba5 {[%clk 0:10:48]} 16. Re2 {[%clk 0:09:58]}  Rac8 {[%clk 0:10:29]} 17. dxc5 {[%clk 0:07:08]}  bxc5 {[%clk 0:10:31]} 18. Bb5 {[%clk 0:07:09]}  a6 {[%clk 0:09:59]} 19. Ba4 {[%clk 0:05:59]}  Bxc3 {[%clk 0:06:51]} 20. Qxc3 {[%clk 0:03:04]}  d4 {[%clk 0:06:55]} 21. Qd3 {[%clk 0:03:04]}  Be4 {[%clk 0:06:16]} 22. Qxa6 {[%clk 0:02:09]}  Ra8 {[%clk 0:06:08]} 23. Qb5 {[%clk 0:01:46]}  Reb8 {[%clk 0:05:01]} 24. Qc4 {[%clk 0:01:50]}  Bxf3 {[%clk 0:04:55]} 25. gxf3 {[%clk 0:01:52]}  Ne5 {[%clk 0:04:59]} 26. Qc2 {[%clk 0:00:47]}  Nxf3+ {[%clk 0:04:17]} 27. Kg2 {[%clk 0:00:26]}  Nh4+ {[%clk 0:04:09]} 28. Kh1 {[%clk 0:00:19]}  Qb7+ {[%clk 0:02:14]} 29. e4 {[%clk 0:00:22]}  Ra6 {[%clk 0:02:00]} 30. Rf1 {[%clk 0:00:11]}  Nf3 {[%clk 0:01:34]} 31. Qd3 {[%clk 0:00:13]}  Ne5 {[%clk 0:01:30]} 32. Qg3 {[%clk 0:00:17]}  Re6 {[%clk 0:00:57]} 33. f3 {[%clk 0:00:17]}  Nd3 {[%clk 0:00:53]} 34. Rg2 {[%clk 0:00:17]}  Nh5 {[%clk 0:00:50]} 35. Qg5 {[%clk 0:00:16]}  Rg6 {[%clk 0:00:52]} 36. Qd2 {[%clk 0:00:19]}  Rxg2 {[%clk 0:00:50]} 37. Qxg2 {[%clk 0:00:20]}  Nhf4 {[%clk 0:00:49]} 38. Qc2 {[%clk 0:00:22]}  Qa6 {[%clk 0:00:49]} 39. Rd1 {[%clk 0:00:20]}  Nxb2 {[%clk 0:00:52]} 40. Qxb2 {[%clk 0:00:14]}  Qxa4 {[%clk 0:00:56]} 41. Rb1 {[%clk 0:00:06]}  Qb5 {[%clk 0:00:54]} 42. Qd2 {[%clk 0:00:10]}  Qd3 {[%clk 0:00:42]} 0-1

[Event "Rapid Tournament (RAP)"]
[Site "Biel, CH"]
[Date "2025.07.13"]
[Round "6"]
[White "Bok, Benjamin"]
[Black "Chen, Yuan"]
[Result "1-0"]
[Board "2"]
[WhiteFideId "1017063"]
[BlackFideId "8618860"]
[WhiteTitle "GM"]
[WhiteElo "2585"]
[BlackElo "2248"]
[WhiteTeam "NED"]
[BlackTeam "CHN"]
[WhiteClock "0:00:15"]
[BlackClock "0:00:12"]
[Variant "Standard"]

1. Nf3 {[%clk 0:15:08]}  d5 {[%clk 0:15:03]} 2. g3 {[%clk 0:15:11]}  c5 {[%clk 0:14:57]} 3. Bg2 {[%clk 0:15:13]}  Nf6 {[%clk 0:14:59]} 4. O-O {[%clk 0:15:14]}  e6 {[%clk 0:15:03]} 5. d4 {[%clk 0:15:02]}  cxd4 {[%clk 0:15:06]} 6. Nxd4 {[%clk 0:15:05]}  e5 {[%clk 0:15:09]} 7. Nf3 {[%clk 0:15:06]}  Nc6 {[%clk 0:15:10]} 8. c4 {[%clk 0:15:10]}  d4 {[%clk 0:15:11]} 9. e3 {[%clk 0:15:13]}  Be7 {[%clk 0:15:10]} 10. exd4 {[%clk 0:15:13]}  exd4 {[%clk 0:15:14]} 11. Bf4 {[%clk 0:15:14]}  O-O {[%clk 0:15:03]} 12. Ne5 {[%clk 0:15:17]}  Qb6 {[%clk 0:14:30]} 13. Re1 {[%clk 0:15:19]}  Be6 {[%clk 0:14:23]} 14. Nd2 {[%clk 0:14:32]}  Rac8 {[%clk 0:13:33]} 15. Qb3 {[%clk 0:14:02]}  Bb4 {[%clk 0:13:07]} 16. Nd3 {[%clk 0:11:30]}  Nh5 {[%clk 0:09:53]} 17. Bg5 {[%clk 0:05:22]}  Qa5 {[%clk 0:07:49]} 18. Nxb4 {[%clk 0:04:11]}  Qxg5 {[%clk 0:07:49]} 19. Ne4 {[%clk 0:03:27]}  Qa5 {[%clk 0:07:45]} 20. Nd5 {[%clk 0:03:19]}  Bxd5 {[%clk 0:04:53]} 21. cxd5 {[%clk 0:03:22]}  Nb4 {[%clk 0:04:57]} 22. Nd6 {[%clk 0:01:19]}  Nc2 {[%clk 0:04:58]} 23. Nxc8 {[%clk 0:00:49]}  Nxe1 {[%clk 0:04:56]} 24. Bh3 {[%clk 0:00:29]}  d3 {[%clk 0:04:05]} 25. Qd1 {[%clk 0:00:15]}  Nc2 {[%clk 0:03:51]} 26. Rc1 {[%clk 0:00:12]}  Nf6 {[%clk 0:03:08]} 27. Qxd3 {[%clk 0:00:17]}  Nb4 {[%clk 0:03:12]} 28. Ne7+ {[%clk 0:00:11]}  Kh8 {[%clk 0:03:16]} 29. Qd2 {[%clk 0:00:15]}  Ne4 {[%clk 0:01:50]} 30. Qd4 {[%clk 0:00:18]}  Nd6 {[%clk 0:01:18]} 31. a3 {[%clk 0:00:18]}  Na6 {[%clk 0:01:15]} 32. Nf5 {[%clk 0:00:17]}  Nxf5 {[%clk 0:01:04]} 33. Bxf5 {[%clk 0:00:21]}  Nb8 {[%clk 0:00:31]} 34. Qh4 {[%clk 0:00:14]}  g6 {[%clk 0:00:27]} 35. Qd4+ {[%clk 0:00:16]}  Kg8 {[%clk 0:00:31]} 36. Be4 {[%clk 0:00:18]}  Nd7 {[%clk 0:00:17]} 37. d6 {[%clk 0:00:20]}  b6 {[%clk 0:00:22]} 38. b4 {[%clk 0:00:13]}  Qg5 {[%clk 0:00:06]} 39. Rc7 {[%clk 0:00:15]}  Rd8 {[%clk 0:00:08]} 40. Kg2 {[%clk 0:00:14]}  Qg4 {[%clk 0:00:07]} 41. h3 {[%clk 0:00:15]}  Qe6 {[%clk 0:00:11]} 42. Bd5 {[%clk 0:00:15]}  Qe5 {[%clk 0:00:09]} 43. Bxf7+ {[%clk 0:00:16]}  Kf8 {[%clk 0:00:13]} 44. Qxe5 {[%clk 0:00:14]}  Nxe5 {[%clk 0:00:17]} 45. Bb3 {[%clk 0:00:14]}  Rxd6 {[%clk 0:00:16]} 46. Rxa7 {[%clk 0:00:16]}  h5 {[%clk 0:00:14]} 47. Bc2 {[%clk 0:00:08]}  Rd2 {[%clk 0:00:10]} 48. Be4 {[%clk 0:00:11]}  Ra2 {[%clk 0:00:08]} 49. a4 {[%clk 0:00:11]}  g5 {[%clk 0:00:09]} 50. a5 {[%clk 0:00:07]}  b5 {[%clk 0:00:07]} 51. Rb7 {[%clk 0:00:07]}  Nc4 {[%clk 0:00:08]} 52. Rxb5 {[%clk 0:00:07]}  Ne3+ {[%clk 0:00:11]} 53. Kf3 {[%clk 0:00:07]}  Nd1 {[%clk 0:00:15]} 54. Kg2 {[%clk 0:00:07]}  Rxf2+ {[%clk 0:00:11]} 55. Kg1 {[%clk 0:00:11]}  Ra2 {[%clk 0:00:13]} 56. Rxg5 {[%clk 0:00:09]}  Ne3 {[%clk 0:00:08]} 57. Rxh5 {[%clk 0:00:12]}  Ke7 {[%clk 0:00:11]} 58. Bd5 {[%clk 0:00:12]}  Rd2 {[%clk 0:00:12]} 59. Re5+ {[%clk 0:00:15]} 1-0

[Event "Rapid Tournament (RAP)"]
[Site "Biel, CH"]
[Date "2025.07.13"]
[Round "6"]
[White "Vilaseca, Laurent"]
[Black "Karthikeyan, Murali"]
[Result "0-1"]
[Board "3"]
[WhiteFideId "1310240"]
[BlackFideId "5074452"]
[BlackTitle "GM"]
[WhiteElo "2044"]
[BlackElo "2522"]
[WhiteTeam "SUI"]
[BlackTeam "IND"]
[WhiteClock "0:03:39"]
[BlackClock "0:00:47"]
[Variant "Standard"]

1. d4 {[%clk 0:15:08]}  Nf6 {[%clk 0:15:07]} 2. Nf3 {[%clk 0:15:08]}  g6 {[%clk 0:15:00]} 3. c4 {[%clk 0:15:00]}  Bg7 {[%clk 0:15:04]} 4. Nc3 {[%clk 0:15:02]}  O-O {[%clk 0:15:03]} 5. g3 {[%clk 0:15:03]}  d6 {[%clk 0:14:46]} 6. Bg2 {[%clk 0:15:00]}  c6 {[%clk 0:14:13]} 7. O-O {[%clk 0:14:49]}  Bf5 {[%clk 0:14:16]} 8. h3 {[%clk 0:14:36]}  Ne4 {[%clk 0:14:06]} 9. Qb3 {[%clk 0:13:55]}  Nxc3 {[%clk 0:13:40]} 10. bxc3 {[%clk 0:13:24]}  Qc8 {[%clk 0:13:41]} 11. Kh2 {[%clk 0:13:22]}  Nd7 {[%clk 0:12:52]} 12. Nd2 {[%clk 0:12:32]}  e5 {[%clk 0:10:52]} 13. Bb2 {[%clk 0:12:19]}  Be6 {[%clk 0:10:08]} 14. Qc2 {[%clk 0:12:06]}  Nb6 {[%clk 0:09:07]} 15. Qd3 {[%clk 0:11:24]}  f5 {[%clk 0:08:42]} 16. e3 {[%clk 0:10:52]}  e4 {[%clk 0:08:10]} 17. Qe2 {[%clk 0:10:55]}  Qd7 {[%clk 0:06:42]} 18. Rfb1 {[%clk 0:10:37]}  Qf7 {[%clk 0:06:42]} 19. Bf1 {[%clk 0:10:41]}  c5 {[%clk 0:05:46]} 20. a4 {[%clk 0:09:55]}  Rfc8 {[%clk 0:04:53]} 21. a5 {[%clk 0:09:41]}  cxd4 {[%clk 0:04:57]} 22. axb6 {[%clk 0:08:54]}  dxc3 {[%clk 0:05:00]} 23. Bxc3 {[%clk 0:08:48]}  Bxc3 {[%clk 0:05:03]} 24. Rxa7 {[%clk 0:08:51]}  Rxa7 {[%clk 0:04:56]} 25. bxa7 {[%clk 0:08:55]}  Ra8 {[%clk 0:04:58]} 26. Rc1 {[%clk 0:08:08]}  Be5 {[%clk 0:04:32]} 27. Nb3 {[%clk 0:07:58]}  Rxa7 {[%clk 0:04:33]} 28. Nd4 {[%clk 0:08:02]}  Bd7 {[%clk 0:03:57]} 29. Qb2 {[%clk 0:07:10]}  Qf6 {[%clk 0:01:52]} 30. Qb6 {[%clk 0:06:45]}  Ra2 {[%clk 0:01:43]} 31. Kg1 {[%clk 0:06:08]}  f4 {[%clk 0:00:44]} 32. gxf4 {[%clk 0:03:42]}  Bxd4 {[%clk 0:00:44]} 33. Qxd4 {[%clk 0:03:39]}  Qh4 {[%clk 0:00:47]} 0-1

[Event "Rapid Tournament (RAP)"]
[Site "Biel, CH"]
[Date "2025.07.13"]
[Round "6"]
[White "Rohrer, Christophe"]
[Black "Sharif, Mehrshad"]
[Result "0-1"]
[Board "4"]
[WhiteFideId "1326546"]
[BlackFideId "600121"]
[WhiteTitle "FM"]
[BlackTitle "IM"]
[WhiteElo "2201"]
[BlackElo "2334"]
[WhiteTeam "SUI"]
[BlackTeam "FRA"]
[WhiteClock "0:00:19"]
[BlackClock "0:04:25"]
[Variant "Standard"]

1. e4 {[%clk 0:15:07]}  e6 {[%clk 0:15:09]} 2. d4 {[%clk 0:15:10]}  d5 {[%clk 0:15:13]} 3. Nd2 {[%clk 0:15:13]}  c5 {[%clk 0:15:16]} 4. exd5 {[%clk 0:15:14]}  Qxd5 {[%clk 0:15:19]} 5. Ngf3 {[%clk 0:15:16]}  cxd4 {[%clk 0:15:22]} 6. Bc4 {[%clk 0:15:19]}  Qd6 {[%clk 0:15:26]} 7. O-O {[%clk 0:15:20]}  Nf6 {[%clk 0:15:30]} 8. Nb3 {[%clk 0:15:23]}  Nc6 {[%clk 0:15:33]} 9. Nbxd4 {[%clk 0:15:25]}  Nxd4 {[%clk 0:15:36]} 10. Nxd4 {[%clk 0:15:28]}  Be7 {[%clk 0:15:40]} 11. c3 {[%clk 0:14:59]}  O-O {[%clk 0:15:40]} 12. Qf3 {[%clk 0:14:29]}  Qc7 {[%clk 0:15:40]} 13. Bb3 {[%clk 0:13:49]}  e5 {[%clk 0:15:41]} 14. Nf5 {[%clk 0:13:30]}  Bxf5 {[%clk 0:15:43]} 15. Qxf5 {[%clk 0:13:33]}  a5 {[%clk 0:15:47]} 16. a4 {[%clk 0:12:03]}  Ra6 {[%clk 0:15:29]} 17. Be3 {[%clk 0:11:03]}  Bc5 {[%clk 0:15:17]} 18. Rfe1 {[%clk 0:10:06]}  Re8 {[%clk 0:15:00]} 19. Bc4 {[%clk 0:08:37]}  Rd6 {[%clk 0:13:15]} 20. Bb5 {[%clk 0:08:38]}  Re7 {[%clk 0:12:12]} 21. Bxc5 {[%clk 0:07:57]}  Qxc5 {[%clk 0:12:12]} 22. Rad1 {[%clk 0:08:00]}  g6 {[%clk 0:11:52]} 23. Qf3 {[%clk 0:07:37]}  Kg7 {[%clk 0:11:28]} 24. Rxd6 {[%clk 0:07:05]}  Qxd6 {[%clk 0:11:31]} 25. Rd1 {[%clk 0:05:35]}  Qb6 {[%clk 0:11:10]} 26. h3 {[%clk 0:05:29]}  h5 {[%clk 0:10:16]} 27. Qe3 {[%clk 0:05:01]}  Qxe3 {[%clk 0:09:55]} 28. fxe3 {[%clk 0:05:04]}  Ne4 {[%clk 0:09:58]} 29. Rd8 {[%clk 0:04:52]}  h4 {[%clk 0:09:42]} 30. Ra8 {[%clk 0:04:48]}  b6 {[%clk 0:09:12]} 31. Bc6 {[%clk 0:04:39]}  Ng3 {[%clk 0:09:13]} 32. Bd5 {[%clk 0:03:51]}  Rd7 {[%clk 0:07:33]} 33. e4 {[%clk 0:03:38]}  f5 {[%clk 0:06:51]} 34. Kf2 {[%clk 0:03:38]}  fxe4 {[%clk 0:05:36]} 35. c4 {[%clk 0:03:41]}  Rd6 {[%clk 0:04:57]} 36. Ke3 {[%clk 0:03:17]}  Rf6 {[%clk 0:04:48]} 37. Rb8 {[%clk 0:02:41]}  Rf1 {[%clk 0:04:44]} 38. Rxb6 {[%clk 0:02:09]}  Re1+ {[%clk 0:04:47]} 39. Kd2 {[%clk 0:02:12]}  Re2+ {[%clk 0:04:49]} 40. Kd1 {[%clk 0:02:15]}  e3 {[%clk 0:04:30]} 41. Bf3 {[%clk 0:01:48]}  Rd2+ {[%clk 0:04:33]} 42. Ke1 {[%clk 0:00:56]}  e4 {[%clk 0:04:18]} 43. Bxe4 {[%clk 0:00:14]}  Nxe4 {[%clk 0:04:21]} 44. Re6 {[%clk 0:00:18]}  Nc5 {[%clk 0:04:22]} 45. Rxe3 {[%clk 0:00:19]}  Rxb2 {[%clk 0:04:25]} 0-1